Statistics for Nearest Capital Journey - Asian Capitals

Click here to take the quiz!

General Stats

  • This quiz has been taken 34 times
  • The average score is 42 of 47

Answer Stats

Distance (km)Answer% Correct
301.64Abu Dhabi
100%
763.57Baghdad
100%
541.45Baku
100%
141.25Doha
100%
556.25Kuwait City
100%
433.9Manama
100%
420.36Muscat
100%
446.71Tbilisi
100%
172.99Yerevan
100%
2024.12Amman
96%
83.19Beirut
96%
218.1Damascus
96%
70.31Jerusalem
96%
241.48Nicosia
96%
1196.37Riyadh
96%
1070.79Sana'a
96%
529.91Ankara
92%
366.51Islamabad
92%
1855.28Kabul
92%
688.77New Delhi
92%
307.06Tashkent
92%
2205.59Ashgabat
88%
950.56Astana
88%
983.45Bangkok
88%
473.28Bishkek
88%
414.53Dhaka
88%
915.25Dushanbe
88%
474.21Hanoi
88%
902.63Jakarta
88%
801.52Kathmandu
88%
1001.74Kuala Lumpur
88%
538.89Phnom Penh
88%
309.25Singapore
88%
426.09Thimphu
88%
717.64Vientiane
88%
808.33Beijing
84%
5137.85Dili
84%
1264.9Manila
84%
195.08Pyongyang
84%
1484.68Seoul
84%
1161.67Taipei
84%
3006.93Tokyo
84%
1523.41Bandar Seri Begawan
80%
737.88Naypyidaw
80%
1167.53Ulaanbaatar
80%
770.67Male
76%
5342.22Sri Jayawardenepura Kotte
68%

Score Distribution

Percentile by Number Answered

Percent of People with Each Score

Your Score History

You have not taken this quiz